LEADER 01350nam0 22003371i 450 001 UON00324029 005 20231205104152.583 010 $a96-469-0004-6 100 $a20090529d1999 |0itac50 ba 101 $aper 102 $aIR 105 $a|||| 1|||| 200 1 $aParandegan$fAristufan$bAristofane] ; Targome-ye 'Ata'ollah Kupal 205 $aTehran : Nila$b1378 [1999] 210 $a110 p.$a22 cm 215 $aAltro front. in inglese 517 1$3UON00378383$aˆThe ‰birds : a comedy / Aristophanes 606 $aLETTERATURA GRECA$xARISTOFANE$xTRADUZIONI PERSIANE$3UONC071747$2FI 620 $aIR$dTihra?n$3UONL005570 686 $aIRA VI E$cIRAN - LETTERATURA - ALTRE LETTERATURE E TRADUZIONI$2A 700 0$aAristophanes$3UONV056467$0602827 702 1$aKUPAL$b'Ata'ollah$3UONV184627 712 $aNila$3UONV273527$4650 790 0$aARISTOFANE$zAristophanes$3UONV056470 790 1$aKOUPAL, Ata-Ollah$zKUPAL, 'Ata'ollah$3UONV203886 801 $aIT$bSOL$c20260313$gRICA 899 $aSIBA - SISTEMA BIBLIOTECARIO DI ATENEO E ARCHIVIO STORICO$2UONSI 912 $aUON00324029 950 $aSIBA - SISTEMA BIBLIOTECARIO DI ATENEO E ARCHIVIO STORICO$dSI IRA VI E 002 $eSI SA 125939 7 002 996 $aParandegan$94549633 997 $aUNIOR